| 000 | 00302cam a22000977a 4500 | ||
|---|---|---|---|
| 008 | 180718b1952 xxu||||| |||| 00| 0 eng d | ||
| 082 | _aQ431x42 Un3m | ||
| 245 | _aMemorandum by the home office on the conduct of children's homes | ||
| 260 |
_aLondon _bHer Majesty's Stationery Office _c1952 |
||
| 300 | _av.p. | ||
| 999 |
_c418503 _d418503 |
||